000 00803cam a2200253 a 4500
001 14879218
005 20180309072817.0
008 070605s2010 maua b 001 0 eng
010 _a 2007060101
020 _a0321426592
020 _a9780321568809
035 _a(OCoLC)ocn141484996
040 _aDLC
_cDLC
_dBTCTA
_dC#P
_dYDXCP
_dDLC
041 _aeng
080 _a650.0151
082 0 0 _a650.0151 SHA
_222
100 1 _a55
101 _aSTA
245 1 0 _aBusiness statistics /
_cNorean R. Sharpe, Richard D. DeVeaux, Paul F. Velleman.
504 _aIncludes bibliographical references and index.
906 _a7
_bcbc
_corignew
_d1
_eocip
_f20
_gy-gencatlg
942 _2ddc
_cBK
999 _c44579
_d44579